[Event "JI GADIJ"]
[Site "SchemingMind.com"]
[Date "2023.01.28"]
[Round "-"]
[White "Helga1946"]
[Black "Kid A"]
[Result "1-0"]
[WhiteCountry "GER"]
[BlackCountry "FIN"]
[WhiteElo "2418"]
[WhiteRD "72"]
[BlackElo "1972"]
[BlackRD "81"]
[GameID "730622"]

1. b4 e5 2. Bb2 Bxb4 3. Bxe5 Nf6 4. e3 O-O 5. Nf3 d5 6. c4 Nc6 7. Bb2 Re8 8. cxd5 Nxd5 9. Be2 Bf5 10. O-O Qe7
11. a3 Bd6 12. Re1 Ne5 13. Bxe5 Bxe5 14. Nxe5 Qxe5 15. d4 Qe7 16. Bf3 Bxb1 17. Qxb1 c6 18. Rc1 Rab8 19. Qc2 Rbd8 20. Rab1 a6
21. Qc5 Rd7 22. Bxd5 Rxd5 23. Qxe7 Rxe7 24. Rxc6 g6 25. Rcb6 Ra5 26. R1b3 f5 27. h4 Ra4 28. g3 Ra5 29. Kg2
1-0

[Event "JI GADIJ"]
[Site "SchemingMind.com"]
[Date "2023.01.28"]
[Round "-"]
[White "Kid A"]
[Black "Helga1946"]
[Result "0-1"]
[WhiteCountry "FIN"]
[BlackCountry "GER"]
[WhiteElo "1972"]
[WhiteRD "81"]
[BlackElo "2418"]
[BlackRD "72"]
[GameID "730623"]

1. e4 e5 2. Nf3 Nc6 3. d4 exd4 4. Bc4 Bc5 5. c3 Nf6 6. cxd4 Bb4+ 7. Nc3 Nxe4 8. O-O Bxc3 9. d5 Ne5 10. bxc3 Nxc4
11. Qd4 f5 12. Re1 O-O 13. Qxc4 d6 14. Rb1 b6 15. Be3 h6 16. Nd4 Qf6 17. f3 Nc5 18. Ne2 Ba6 19. Qd4 Nd3 20. Red1 f4
21. Bf2 Nxf2 22. Qxf2 Qe5 23. Rd2 Rae8 24. Rbb2 Bxe2 25. Rxe2 Qxd5
0-1

[Event "JI GADIJ"]
[Site "SchemingMind.com"]
[Date "2023.03.02"]
[Round "-"]
[White "mmccaffe"]
[Black "William Lindberg"]
[Result "0-1"]
[WhiteCountry "USA"]
[BlackCountry "USA"]
[WhiteElo "1634"]
[WhiteRD "90"]
[BlackElo "2373"]
[BlackRD "65"]
[GameID "731818"]

1. e4 e5 2. Nf3 Nc6 3. Bb5 a6 4. Ba4 Nf6 5. O-O Be7 6. d3 b5 7. Bb3 O-O 8. Nbd2 d6 9. h3 Na5 10. c3 Nxb3
11. Qxb3 Nh5 12. Re1 Nf4 13. Nf1 Nxd3
0-1

[Event "JI GADIJ"]
[Site "SchemingMind.com"]
[Date "2023.03.02"]
[Round "-"]
[White "William Lindberg"]
[Black "mmccaffe"]
[Result "1-0"]
[WhiteCountry "USA"]
[BlackCountry "USA"]
[WhiteElo "2373"]
[WhiteRD "65"]
[BlackElo "1634"]
[BlackRD "90"]
[GameID "731819"]

1. c4 c5 2. Nf3 Nf6 3. Nc3 Nc6 4. d4 cxd4 5. Nxd4 g6 6. g3 Bg7 7. Bg2 O-O 8. O-O Nxd4 9. Qxd4 d6 10. Qd3 Rb8
11. Be3 Be6 12. b3 a6 13. Ba7 Rc8 14. Bxb7
1-0

[Event "JI GADIJ"]
[Site "SchemingMind.com"]
[Date "2023.03.04"]
[Round "-"]
[White "CapaChess"]
[Black "sbb"]
[Result "1/2-1/2"]
[WhiteCountry "CUB"]
[BlackCountry "USA"]
[WhiteElo "2431"]
[WhiteRD "72"]
[BlackElo "2367"]
[BlackRD "101"]
[GameID "731937"]

1. e4 e5 2. Nf3 Nc6 3. d4 exd4 4. Bc4 Bc5 5. Ng5 Nh6 6. Bxf7+ Nxf7 7. Nxf7 Kxf7 8. Qh5+ g6 9. Qxc5 d6 10. Qc4+ Be6
11. Qe2 Rf8 12. O-O Kg8 13. f3 Rf7 14. b3 d5 15. Nd2 Nb4 16. exd5 Bxd5=
1/2-1/2

[Event "JI GADIJ"]
[Site "SchemingMind.com"]
[Date "2023.03.04"]
[Round "-"]
[White "sbb"]
[Black "CapaChess"]
[Result "1/2-1/2"]
[WhiteCountry "USA"]
[BlackCountry "CUB"]
[WhiteElo "2367"]
[WhiteRD "101"]
[BlackElo "2431"]
[BlackRD "72"]
[GameID "731938"]

1. d4 Nf6 2. c4 e6 3. g3 d5 4. Nf3 Bb4+ 5. Bd2 Be7 6. Bg2 Nbd7 7. O-O O-O 8. Qc2 c6 9. Rd1 b6 10. Bf4 Bb7
11. Ne5 Nh5 12. Bd2 Nhf6 13. cxd5 cxd5 14. Nc6 Bxc6 15. Qxc6 Rc8 16. Qb5 Ne8 17. Qa4=
1/2-1/2

[Event "JI GADIJ"]
[Site "SchemingMind.com"]
[Date "2023.03.05"]
[Round "-"]
[White "JAHI"]
[Black "ienybr"]
[Result "0-1"]
[WhiteCountry "INT"]
[BlackCountry "USA"]
[WhiteElo "2146"]
[WhiteRD "74"]
[BlackElo "2248"]
[BlackRD "95"]
[GameID "731948"]

1. a3 c5 2. a4 Nc6 3. Na3 d5 4. e3 e5 5. Bb5 a6 6. Bxc6+ bxc6 7. Kf1 Bd6 8. d3 f5 9. e4 Nf6 10. Bg5 O-O
11. h3 fxe4 12. dxe4 Rb8 13. exd5 cxd5 14. Bxf6 Qxf6 15. Qxd5+ Kh8 16. Qf3 Qg6 17. Qe3 Bb7 18. Rh2 e4 19. g3 Bxg3 20. Rg2 Bxf2
21. Rxf2 Rxf2+ 22. Qxf2 e3 23. Qxe3 Rf8+ 24. Ke1 Re8 25. Qxe8+ Qxe8+ 26. Kf2 Qxa4 27. Re1 h5 28. Nf3 Bxf3 29. Kxf3 Qh4 30. Ke2 Qxh3
31. Nb1 Qg2+ 32. Kd1 h4 33. Nd2 h3 34. Nf1 Qf2 35. b3 g5 36. c3 g4 37. Re8+ Kg7 38. Re7+ Kf8 39. Re1 g3 40. Nxg3 Qxg3
41. Kd2 Qxe1+ 42. Kxe1 h2 43. Kd2 h1=Q 44. Kd3 Qd5+ 45. Kc2 a5 46. c4 Qd4 47. Kc1 Qd3 48. Kb2 Qd2+ 49. Ka3 Ke7 50. b4 Qxb4+
51. Ka2 a4 52. Ka1 a3 53. Ka2 Qb2#
0-1

[Event "JI GADIJ"]
[Site "SchemingMind.com"]
[Date "2023.03.05"]
[Round "-"]
[White "ienybr"]
[Black "JAHI"]
[Result "1-0"]
[WhiteCountry "USA"]
[BlackCountry "INT"]
[WhiteElo "2248"]
[WhiteRD "95"]
[BlackElo "2146"]
[BlackRD "74"]
[GameID "731949"]

1. d4 f6 2. e4 g6 3. Nc3 Bg7 4. Be3 Kf8 5. Qd2 f5 6. exf5 gxf5 7. Nh3 d6 8. O-O-O c6 9. Nf4 Nf6 10. f3 Na6
11. g4 Nc7 12. g5 Nfd5 13. Ncxd5 Nxd5 14. Nxd5 cxd5 15. h4 Rg8 16. h5 Bd7 17. Bd3 e6 18. Rde1 Rc8 19. g6 hxg6 20. hxg6 Be8
21. Bf4 Qd7 22. Rh6 Bf6 23. Bg5 Bxg5 24. Qxg5 Qe7 25. Qxe7+ Kxe7 26. Bxf5 Kf6 27. Bxe6 Bxg6 28. Bxc8 Rxc8 29. Rg1 Rg8 30. a4 Kf7
31. Rg5 b6 32. b3 Rg7 33. Rxd5 Bh7 34. Rhxd6 Rg1+ 35. Kb2 Re1 36. Rd7+ Re7 37. Rxe7+ Kxe7 38. c4 Bd3 39. f4 a6 40. Kc3 Bf1
41. Re5+ Kf7 42. d5 Bh3 43. c5 bxc5 44. Kc4 Bd7 45. Kxc5 Bh3 46. Kb6 Bf1 47. Kc7 Bh3 48. d6 Kf6 49. d7 Bxd7 50. Kxd7 a5
51. Ke8 Kg7 52. Ke7 Kg6 53. Rg5+ Kh7 54. Kf7 Kh6 55. Rxa5 Kh7 56. Rh5#
1-0

[Event "JI GADIJ"]
[Site "SchemingMind.com"]
[Date "2023.04.12"]
[Round "-"]
[White "Pacome"]
[Black "TigerFeet"]
[Result "0-1"]
[WhiteCountry "FRA"]
[BlackCountry "ENG"]
[WhiteElo "1661"]
[WhiteRD "175"]
[BlackElo "1960"]
[BlackRD "89"]
[GameID "732991"]

1. e4 c5 2. Nc3 Nc6 3. Bb5 Nd4 4. Nf3 a6 5. Nxd4 cxd4 6. Ne2 axb5 7. Nxd4 Qb6 8. Ne2 e5 9. d4 d6 10. dxe5 dxe5
11. O-O Nf6 12. Be3 Qd6 13. Bg5 Nxe4 14. Be3 Be7
0-1

[Event "JI GADIJ"]
[Site "SchemingMind.com"]
[Date "2023.04.12"]
[Round "-"]
[White "TigerFeet"]
[Black "Pacome"]
[Result "1-0"]
[WhiteCountry "ENG"]
[BlackCountry "FRA"]
[WhiteElo "1960"]
[WhiteRD "89"]
[BlackElo "1661"]
[BlackRD "175"]
[GameID "732992"]

1. e4 e5 2. Bc4 Nf6 3. d3 Nc6 4. Nc3 Bc5 5. f4 Bxg1 6. Rxg1 exf4 7. Bxf4 d6 8. Qd2 Qe7 9. O-O-O Bg4 10. Rde1 O-O-O
11. Nd5 Nxd5 12. exd5 Ne5 13. Qe3
1-0

[Event "JI GADIJ"]
[Site "SchemingMind.com"]
[Date "2023.04.29"]
[Round "-"]
[White "Helga1946"]
[Black "William Lindberg"]
[Result "1/2-1/2"]
[WhiteCountry "GER"]
[BlackCountry "USA"]
[WhiteElo "2407"]
[WhiteRD "73"]
[BlackElo "2346"]
[BlackRD "63"]
[GameID "733480"]

1. e4 e5 2. Nf3 Nc6 3. Bb5 a6 4. Ba4 Nf6 5. O-O b5 6. Bb3 Bc5 7. a4 Bb7 8. d3 O-O 9. Nc3 Na5 10. Nxe5 Nxb3
11. cxb3 b4 12. Ne2 d5 13. d4 Be7 14. exd5 h6 15. Nc6 Qd7 16. Ng3 Rfe8 17. Qf3 a5 18. Nxe7+ Qxe7 19. Bf4 Bxd5 20. Qd3 Qe6
21. Rae1 Qxe1 22. Be3 Qxf1+ 23. Nxf1 Be4 24. Qc4 Re6 25. f3 Bg6 26. Bf2 c6 27. h4 Nd5 28. Ng3 Nb6 29. Qc1 Nd5 30. Qc4 Nb6
31. Qf1 Nd5 32. Qc4 Nb6
1/2-1/2

[Event "JI GADIJ"]
[Site "SchemingMind.com"]
[Date "2023.04.29"]
[Round "-"]
[White "William Lindberg"]
[Black "Helga1946"]
[Result "1/2-1/2"]
[WhiteCountry "USA"]
[BlackCountry "GER"]
[WhiteElo "2346"]
[WhiteRD "63"]
[BlackElo "2407"]
[BlackRD "73"]
[GameID "733481"]

1. c4 e5 2. Nc3 Nf6 3. Nf3 Nc6 4. g3 d5 5. cxd5 Nxd5 6. Bg2 Bc5 7. O-O O-O 8. d3 Re8 9. Nxd5 Qxd5 10. Bd2 Qd8
11. Rc1 Qe7 12. Ng5 h6 13. Bxc6 bxc6 14. Ne4 Bb6 15. Qa4 Bh3 16. Rfe1 f5 17. Nc5 Rad8 18. Qxc6 Rd6 19. Qb5 Kh7 20. a4 e4
21. a5 a6 22. Qb4 Bxc5 23. Qxc5 exd3 24. f3 dxe2 25. Bf4 Rd7 26. Kf2 g5 27. Bxc7 Qf6 28. f4 Qxb2 29. Be5 Qb3 30. Qc6 Rde7
31. Rxe2 Qd3 32. Rcc2 gxf4 33. Rcd2 fxg3+ 34. hxg3 Qb1 35. Re1 Qb7 36. Qxb7 Rxb7 37. Bf4 Rxe1 38. Kxe1 Re7+ 39. Kf2 Bg4 40. Rd6 Re2+
41. Kg1 Re1+=
1/2-1/2

[Event "JI GADIJ"]
[Site "SchemingMind.com"]
[Date "2023.05.16"]
[Round "-"]
[White "Derek Price"]
[Black "Enri Arturo"]
[Result "1/2-1/2"]
[WhiteCountry "ENG"]
[BlackCountry "CUB"]
[WhiteElo "2358"]
[WhiteRD "67"]
[BlackElo "2544"]
[BlackRD "84"]
[GameID "733956"]

1. c4 Nf6 2. g3 e5 3. Bg2 Bc5 4. Nc3 c6 5. e3 O-O 6. Nge2 d5 7. cxd5 Nxd5 8. d4 exd4 9. Nxd5 cxd5 10. exd4 Bb6
11. O-O Bg4 12. Be3 Re8 13. Re1 Qd7 14. Qb3 Nc6 15. Qxd5 Qxd5 16. Bxd5 Nb4 17. Bb3 Nd3 18. Red1 Ba5 19. Kf1 Bh3+ 20. Kg1 Bg4
21. Kf1 Nxb2 22. Rdb1 Nd3 23. Ba4 Re7 24. Rb3 Nb4 25. Nf4 a6 26. Ra3 Bc7 27. Bd2 Bd6 28. Re3 b5 29. Bd1 Rxe3 30. fxe3 Bxd1
31. Rxd1 Nxa2 32. Ra1 Nb4 33. Bxb4 Bxb4 34. Nd5 Bf8 35. Nc7 Rc8 36. Nxa6 Ra8 37. Ke2 h5 38. Kd3 Kh7 39. Ra2 Kg6 40. e4 Kg5
41. e5 f6 42. Ke4 Kg4 43. e6 g5 44. Kd5 Rd8+ 45. Kc6 b4 46. Rd2 Rd6+ 47. Kb5 Rxe6 48. Nc5 Re8 49. Kxb4 f5 50. Kc4 Rc8
51. Ra2 h4 52. gxh4 gxh4=
1/2-1/2

[Event "JI GADIJ"]
[Site "SchemingMind.com"]
[Date "2023.05.13"]
[Round "-"]
[White "Enri Arturo"]
[Black "Derek Price"]
[Result "1/2-1/2"]
[WhiteCountry "CUB"]
[BlackCountry "ENG"]
[WhiteElo "2553"]
[WhiteRD "98"]
[BlackElo "2372"]
[BlackRD "74"]
[GameID "733957"]

1. d4 d5 2. Nf3 Nf6 3. c4 c6 4. Nc3 e6 5. e3 Nbd7 6. Qc2 Bd6 7. Bd3 O-O 8. O-O dxc4 9. Bxc4 b5 10. Bd3 Bb7
11. a3 a5 12. e4 e5 13. Rd1 exd4 14. Nxd4 g6 15. h3 Re8 16. Nf3 b4 17. axb4 axb4 18. Rxa8 Bxa8 19. Ne2 c5 20. Bg5 Qb8
21. Nd2 Bc6 22. b3 Nh5 23. Nc4 Bf8 24. Bc1 Nb6 25. Ne3 Nf6 26. f3 Qc7 27. Kh1 Qe7 28. Nf4 Rd8 29. g3 Nfd7 30. Be2 Ne5
31. Kg2 Rxd1 32. Qxd1 Qd6 33. Qxd6 Bxd6 34. Ng4 Ned7 35. Ne3 h5 36. Nf1 Na8 37. Kf2 Nc7 38. Ne3 Bb5 39. Nc4 Bxc4 40. Bxc4 Ne5
41. Be2 Nc6 42. Nd3=
1/2-1/2

[Event "JI GADIJ"]
[Site "SchemingMind.com"]
[Date "2023.05.23"]
[Round "-"]
[White "eliecercruzr"]
[Black "Transcendent"]
[Result "1-0"]
[WhiteCountry "CUB"]
[BlackCountry "ENG"]
[WhiteElo "2309"]
[WhiteRD "61"]
[BlackElo "1680"]
[BlackRD "70"]
[GameID "734267"]

1. e4 e6 2. d4 d5 3. Nc3 Bb4 4. exd5 exd5 5. Bd3 Nf6 6. Ne2 O-O 7. O-O c6 8. Ng3 Re8 9. Nce2 a5 10. c3 Bd6
11. h3 Nbd7 12. Nf5 Bc7 13. Neg3 Nf8 14. a4 Bxf5 15. Nxf5 Ng6 16. Bg5 Nf4 17. Bc2 Ne6 18. Bd2 Nf8 19. h4 Re6 20. Qf3 Qd7
21. h5 g6 22. Nh6+ Kg7 23. Bg5 Nxh5 24. Bf5 Qd6 25. g3 Rf6 26. Qg4 Ne6 27. Bxf6+ Nxf6 28. Qh4 Re8 29. Rae1 Bd8 30. Bxe6
1-0

[Event "JI GADIJ"]
[Site "SchemingMind.com"]
[Date "2023.05.24"]
[Round "-"]
[White "Transcendent"]
[Black "eliecercruzr"]
[Result "0-1"]
[WhiteCountry "ENG"]
[BlackCountry "CUB"]
[WhiteElo "1680"]
[WhiteRD "70"]
[BlackElo "2309"]
[BlackRD "61"]
[GameID "734268"]

1. d4 d5 2. c4 c6 3. Nc3 dxc4 4. e3 b5 5. a4 b4 6. Ne4 Qd5 7. Nd2 c3 8. bxc3 bxc3 9. Nb1 Qa5 10. Qc2 Na6
11. Qxc3 Nb4 12. Bd2 e6 13. Nf3 Nf6 14. Ne5 Qc7 15. Be2 Bd6 16. Nc4 Be7 17. O-O O-O 18. Bf3 Ba6 19. Nba3 Nbd5 20. Qc1 Rac8
21. Re1 c5 22. Ba5 Qb7 23. e4 Nb4 24. Qd2 Bxc4 25. Nxc4 cxd4 26. Rec1 Nc6 27. e5 Nd5 28. Bxd5 exd5 29. Nd6 Bxd6
0-1

[Event "JI GADIJ"]
[Site "SchemingMind.com"]
[Date "2023.07.11"]
[Round "-"]
[White "Aba"]
[Black "frankly"]
[Result "0-1"]
[WhiteCountry "ISR"]
[BlackCountry "ENG"]
[WhiteElo "1827"]
[WhiteRD "69"]
[BlackElo "2563"]
[BlackRD "78"]
[GameID "735506"]

1. e4 e5 2. Nf3 Nc6 3. Bc4 Nf6 4. d3 Bc5 5. Nc3 O-O 6. Bg5 h6 7. Bxf6 Qxf6 8. Nd5 Qd8 9. c3 a5 10. a4 d6
11. O-O Ne7 12. d4 Nxd5 13. exd5 exd4 14. Nxd4 Re8 15. Nf3 Qf6 16. h3 Bd7 17. Qd2 Bxh3 18. gxh3 Qxf3 19. Rae1 Qg3+ 20. Kh1 Qxh3+
21. Kg1 Qg4+ 22. Kh1 Qxc4 23. Rxe8+ Rxe8 24. Rg1 Qh4+
0-1

[Event "JI GADIJ"]
[Site "SchemingMind.com"]
[Date "2023.07.11"]
[Round "-"]
[White "frankly"]
[Black "Aba"]
[Result "1-0"]
[WhiteCountry "ENG"]
[BlackCountry "ISR"]
[WhiteElo "2563"]
[WhiteRD "78"]
[BlackElo "1827"]
[BlackRD "69"]
[GameID "735507"]

1. d4 Nf6 2. c4 e6 3. Nf3 Nc6 4. a3 d6 5. Nc3 g6 6. g3 Bg7 7. Bg2 O-O 8. O-O Re8 9. Re1 e5 10. d5 Na5
11. Nd2 b6 12. b4 Nb7 13. Nf3 Bd7 14. e4 c6 15. dxc6 Bxc6 16. Qd3 Qc7 17. Nd5 Nxd5 18. cxd5 Ba4 19. Be3 Bc2 20. Rac1 Rec8
21. Qe2 Qc4 22. Bh3 f5 23. Qxc4 Rxc4 24. exf5 gxf5 25. Bxf5 Bb3 26. Be6+ Kf8 27. Nd2 Rxc1 28. Rxc1 Ba4 29. Rc7 Nd8 30. Bf5 Kg8
31. h4 Bd1 32. g4 a5 33. b5 Kh8 34. Nc4
1-0

[Event "JI GADIJ"]
[Site "SchemingMind.com"]
[Date "2023.07.25"]
[Round "-"]
[White "ray winteringham"]
[Black "DMark4"]
[Result "1-0"]
[WhiteCountry "ENG"]
[BlackCountry "SCO"]
[WhiteElo "1431"]
[WhiteRD "46"]
[BlackElo "1362"]
[BlackRD "104"]
[GameID "735998"]

1. g3 d5 2. d4 Nf6 3. Bg2 e6 4. Bg5 Be7 5. Nf3 O-O 6. O-O h6 7. Bxf6 Bxf6 8. Nbd2 c5 9. c3 cxd4 10. cxd4 Nc6
11. e3 b6 12. Rc1 Qd6 13. a3 Ba6 14. Re1 Rac8 15. b4 Bd3 16. Qb3 Bh7 17. Rc3 a5 18. bxa5 Nxa5 19. Qb2 Rxc3 20. Qxc3 Qd7
21. Rc1 Be7 22. Ne5
1-0

[Event "JI GADIJ"]
[Site "SchemingMind.com"]
[Date "2023.07.25"]
[Round "-"]
[White "DMark4"]
[Black "ray winteringham"]
[Result "1-0"]
[WhiteCountry "SCO"]
[BlackCountry "ENG"]
[WhiteElo "1362"]
[WhiteRD "104"]
[BlackElo "1431"]
[BlackRD "46"]
[GameID "735999"]

1. d4 d5 2. Nf3 Nc6 3. Bf4 e6 4. e3 a6 5. c4 Bd6 6. Bg3 Bxg3 7. hxg3 Nf6 8. Nc3 O-O 9. Bd3 Bd7 10. cxd5 Ne7
11. dxe6 Bxe6 12. Qc2 g6 13. e4 Bg4 14. O-O-O Bxf3 15. gxf3 Qxd4 16. Bxa6 Qb6 17. Bc4 Nc6 18. Qe2 Kg7 19. e5 Nd7 20. Rxd7 Nb4
21. e6 Qc6 22. Qe5+ Kg8 23. exf7+ Rxf7 24. Bxf7+ Kf8 25. Qh8#
1-0

[Event "JI GADIJ"]
[Site "SchemingMind.com"]
[Date "2023.08.11"]
[Round "-"]
[White "Clive Everill"]
[Black "Ronald R. Nurmi"]
[Result "1-0"]
[WhiteCountry "CZE"]
[BlackCountry "USA"]
[WhiteElo "1679"]
[WhiteRD "61"]
[BlackElo "1787"]
[BlackRD "90"]
[GameID "736446"]

1. Nf3 d5 2. b3 c5 3. e3 Nf6 4. Bb2 e6 5. d4 Nc6 6. Nbd2 Bd6 7. a3 O-O 8. Bd3 Qe7 9. Ne5 Nd7 10. Nxc6 bxc6
11. O-O a5 12. Qg4 Ba6 13. dxc5 Nxc5 14. Qxg7#
1-0

[Event "JI GADIJ"]
[Site "SchemingMind.com"]
[Date "2023.08.12"]
[Round "-"]
[White "TigerFeet"]
[Black "DMark4"]
[Result "1-0"]
[WhiteCountry "ENG"]
[BlackCountry "SCO"]
[WhiteElo "2074"]
[WhiteRD "76"]
[BlackElo "1362"]
[BlackRD "104"]
[GameID "736470"]

1. e4 Nf6 2. e5 Nd5 3. c4 Nb6 4. d4 d6 5. exd6 exd6 6. Nc3 Nc6 7. Nf3 Be7 8. h3 O-O 9. Bd3 Bf6 10. O-O Re8
11. b3
1-0

[Event "JI GADIJ"]
[Site "SchemingMind.com"]
[Date "2023.08.13"]
[Round "-"]
[White "Raymond de Kemp"]
[Black "Arnold Jones"]
[Result "0-1"]
[WhiteCountry "NED"]
[BlackCountry "ENG"]
[WhiteElo "1808"]
[WhiteRD "71"]
[BlackElo "1524"]
[BlackRD "59"]
[GameID "736472"]

1. d4 Nf6 2. Bf4 Nd5 3. Bg3 e6 4. e4 Nb6 5. Nf3 d5 6. e5 c5 7. c3 c4 8. b3 a5 9. bxc4 dxc4 10. Nbd2 Qd5
11. Nxc4 Nxc4 12. Rb1 b5 13. Bd3 Na3 14. Rb2 Bd7 15. Qe2 Bc6 16. O-O Be7 17. Re1 Nd7 18. h4 Nb6 19. Be4 Qd7 20. Rd2 Bxe4
21. Qxe4 Nd5 22. Rc1 Nc4 23. Rdd1 Rc8 24. Bf4 b4 25. cxb4 Bxb4 26. Rd3 Qa4 27. Bd2 Qxa2 28. Bxb4 axb4 29. Nd2 O-O 30. Qe1 Qa6
31. Nxc4 Rxc4 32. Ra1 Qb6 33. Qd2 Rfc8 34. Qa2 Qd8 35. h5 Nf4 36. Rf3 Rc2 37. Qb3 Ne2+ 38. Kf1 Nxd4
0-1

[Event "JI GADIJ"]
[Site "SchemingMind.com"]
[Date "2023.08.13"]
[Round "-"]
[White "Arnold Jones"]
[Black "Raymond de Kemp"]
[Result "0-1"]
[WhiteCountry "ENG"]
[BlackCountry "NED"]
[WhiteElo "1524"]
[WhiteRD "59"]
[BlackElo "1808"]
[BlackRD "71"]
[GameID "736473"]

1. d4 Nf6 2. Nf3 d5 3. Bf4 c5 4. c4 cxd4 5. Qc2 Nc6 6. Qa4 Bd7 7. c5 e5 8. Bg5 Bxc5 9. Qc2 Qa5+ 10. Nbd2 Ne4
11. Bh4 Rc8 12. Qb3 Bb4 13. Rd1 Nc5 14. Qxd5 Be6 15. Qxc6+ bxc6 16. Nxe5 Ne4 17. Nf3 Bg4 18. Bg5 Nxg5 19. Nxg5 Qxg5 20. h4 Qe5
21. a3 d3 22. e3 Bxd1 23. Kxd1 Bxd2 24. Bxd3 Qxb2 25. Ke2 Ba5+ 26. Kf3 Rd8 27. Be4 O-O 28. a4 Rd2 29. Rf1 Qf6+ 30. Kg3 Bc7+
31. f4 Rb8 32. Bxc6 Qxc6
0-1

[Event "JI GADIJ"]
[Site "SchemingMind.com"]
[Date "2023.08.20"]
[Round "-"]
[White "Martin E. Hardwick"]
[Black "Kenny Elliott"]
[Result "0-1"]
[WhiteCountry "ENG"]
[BlackCountry "USA"]
[WhiteElo "1026"]
[WhiteRD "81"]
[BlackElo "1449"]
[BlackRD "89"]
[GameID "736609"]

1. Nf3 c5 2. e4 d6 3. d4 cxd4 4. Nxd4 e5 5. Bb5+ Bd7 6. Qd3 exd4 7. Bxd7+ Nxd7 8. Qxd4 Ngf6 9. Bg5 Qc7 10. Nc3 Be7
11. e5 dxe5 12. Qd2 O-O 13. O-O Rad8 14. Qe3 Nb6 15. Qg3 Nfd5 16. Nxd5 Nxd5 17. Bh6 g6 18. Bxf8 Bxf8 19. Rfd1 Bg7 20. Qd3 Rc8
21. Qxd5 Qxc2 22. Qd8+ Rxd8 23. Rxd8+ Bf8 24. Rad1 Qxb2 25. Rb8 Qc2 26. Rf1 Qb2 27. Rd8 Kg7 28. h3 Qxa2 29. Rdd1 Qe6 30. Rb1 a5
31. Rxb7 Qa6 32. Rbb1 Kh6 33. g4 a4 34. h4 a3 35. g5+ Kh5 36. Kh2 Bd6 37. f4 exf4 38. Kh3 Qd3+ 39. Kg2 Be5 40. Rb7 Bd4
41. Rxf7 Qg3+ 42. Kh1 Qh3#
0-1

[Event "JI GADIJ"]
[Site "SchemingMind.com"]
[Date "2023.08.20"]
[Round "-"]
[White "Kenny Elliott"]
[Black "Martin E. Hardwick"]
[Result "1-0"]
[WhiteCountry "USA"]
[BlackCountry "ENG"]
[WhiteElo "1449"]
[WhiteRD "89"]
[BlackElo "1026"]
[BlackRD "81"]
[GameID "736610"]

1. d4 d5 2. Nf3 Nf6 3. Nc3 Nc6 4. Bd2 e6 5. e3 a6 6. a3 Be7 7. Be2 Ne4 8. Nxe4 dxe4 9. Ne5 Nxe5 10. dxe5 O-O
11. O-O Bh4 12. f4 Bd7 13. g3 Bxg3 14. hxg3 Bb5 15. Qe1 Bxe2 16. Qxe2 Qe7 17. Bb4 c5 18. Bc3 Rfd8 19. Ba5 Rd7 20. Bb6 a5
21. Qc4 Rad8 22. Bxd8 Rxd8 23. Qb5 h5 24. Kg2 Rd2+ 25. Rf2 Rxf2+ 26. Kxf2 h4 27. g4 h3 28. Kg3 h2 29. Rh1 f6 30. exf6 Qf7
31. Rxh2 Qxf6 32. Qe8+ Qf8 33. Qxe6+ Qf7 34. Qc8+ Qf8 35. Qxb7 Qd8 36. Qxe4 Qd1 37. Qe8#
1-0

[Event "JI GADIJ"]
[Site "SchemingMind.com"]
[Date "2023.08.19"]
[Round "-"]
[White "TigerFeet"]
[Black "William Lindberg"]
[Result "0-1"]
[WhiteCountry "ENG"]
[BlackCountry "USA"]
[WhiteElo "2074"]
[WhiteRD "76"]
[BlackElo "2340"]
[BlackRD "66"]
[GameID "736622"]

1. e4 e5 2. Bc4 Nf6 3. d3 c6 4. Nf3 d5 5. Bb3 Bd6 6. Nc3 d4 7. Ne2 O-O 8. O-O c5 9. Ng3 Be6 10. Bxe6 fxe6
11. Ng5 Qd7 12. f4 exf4 13. Bxf4 Bxf4 14. Rxf4 h6 15. Nh3 Qd6 16. Qe2 Nc6 17. Raf1 Nd7 18. Qh5 Nde5 19. Rxf8+ Rxf8 20. Rxf8+ Qxf8
21. Qh4 c4 22. Nf4 g5
0-1

[Event "JI GADIJ"]
[Site "SchemingMind.com"]
[Date "2023.08.19"]
[Round "-"]
[White "William Lindberg"]
[Black "TigerFeet"]
[Result "1-0"]
[WhiteCountry "USA"]
[BlackCountry "ENG"]
[WhiteElo "2340"]
[WhiteRD "66"]
[BlackElo "2074"]
[BlackRD "76"]
[GameID "736623"]

1. c4 c5 2. Nf3 Nc6 3. e3 Nf6 4. d4 cxd4 5. exd4 d5 6. Nc3 Bg4 7. Bg5 e6 8. cxd5 exd5 9. Be2 Be7 10. h3 Bh5
11. O-O O-O 12. Re1 Re8 13. Ne5 Bxe2 14. Rxe2 h6 15. Bh4 Nh7 16. Bxe7 Rxe7 17. Qa4 Rc8 18. Rae1 Nxe5 19. Rxe5 Rxe5 20. dxe5 Ng5
21. Rd1 Qe8 22. Qxe8+ Rxe8 23. Nxd5 Ne6 24. f4 Kf8 25. Kf2 Rc8 26. Ke3 Rc2 27. Rd2 Rc8 28. f5 Nd8 29. Nf4 Rc6 30. Rxd8+
1-0

[Event "JI GADIJ"]
[Site "SchemingMind.com"]
[Date "2023.09.02"]
[Round "-"]
[White "agoodhobby"]
[Black "Allan Sedstrem"]
[Result "0-1"]
[WhiteCountry "USA"]
[BlackCountry "SCO"]
[WhiteElo "1478"]
[WhiteRD "69"]
[BlackElo "1508"]
[BlackRD "66"]
[GameID "736927"]

1. e4 e5 2. Nf3 d6 3. d4 Nf6 4. Nc3 exd4 5. Nxd4 c5 6. Nf3 Nc6 7. Bb5 Bd7 8. O-O Be7 9. Bg5 O-O 10. Bxf6 Bxf6
11. Qxd6 a6 12. Ba4 Be7 13. Qd1 b5 14. Bb3 c4 15. Bxc4 bxc4 16. Nd5 Rb8 17. Nxe7+ Qxe7 18. b3 c3 19. Qd3 Nb4 20. Qxc3 Qxe4
21. Rfc1 Rfc8 22. Qd2 Nxc2 23. Qxd7 Rd8 24. Qa4 Qxa4
0-1

[Event "JI GADIJ"]
[Site "SchemingMind.com"]
[Date "2023.09.02"]
[Round "-"]
[White "Allan Sedstrem"]
[Black "agoodhobby"]
[Result "1-0"]
[WhiteCountry "SCO"]
[BlackCountry "USA"]
[WhiteElo "1508"]
[WhiteRD "66"]
[BlackElo "1478"]
[BlackRD "69"]
[GameID "736928"]

1. e4 c5 2. f4 d5 3. exd5 Nf6 4. c4 e6 5. dxe6 Bxe6 6. Nc3 Bd6 7. Nf3 Nc6 8. d3 O-O 9. Be3 a6 10. Be2 b5
11. Qc2 b4 12. Ne4 Nxe4 13. dxe4 Bg4 14. e5 Be7 15. Ng5 Bxe2 16. Qxh7#
1-0

[Event "JI GADIJ"]
[Site "SchemingMind.com"]
[Date "2023.09.03"]
[Round "-"]
[White "Steven DuCharme"]
[Black "Phillip Beckett"]
[Result "0-1"]
[WhiteCountry "USA"]
[BlackCountry "ENG"]
[WhiteElo "1565"]
[WhiteRD "64"]
[BlackElo "1499"]
[BlackRD "51"]
[GameID "736940"]

1. Nf3 Nf6 2. b3 g6 3. Bb2 Bg7 4. g3 d6 5. d4 O-O 6. Bg2 Nbd7 7. O-O c6 8. Nbd2 d5 9. Re1 Qc7 10. e4 dxe4
11. Nxe4 Nxe4 12. Rxe4 e6 13. Qe1 Nf6 14. Re2 c5 15. Rd1 cxd4 16. Nxd4 Bd7 17. a4 Rad8 18. Nb5 Bxb5 19. axb5 Rxd1 20. Qxd1 Rd8
21. Rd2 Rxd2 22. Qxd2 h6 23. c4 b6 24. h3 Qd7 25. Bc3 Qxd2 26. Bxd2 Nd7 27. f4 Nc5 28. b4 Nd7 29. Bc6 Nb8 30. c5 bxc5
31. Kg2 cxb4 32. Bxb4 Bf8 33. Ba5 Bc5 34. Bc7 Nxc6 35. bxc6 Kf8 36. Bd8 Ke8 37. Ba5 Bb6
0-1